00507cam a22001451 4500082001700000100002800017245007100045260002900116300001900145500007200164500002600236526003700262650000800299650005400307 a940.544bHAR1 aHarris, Arthur Travers,10aBomber offensive,cby Marshal of the R.A.F., Sir Arthur Harris ... aLondon,bCollins,c1947. a288 p.c23 cm. a"First impression January, 1947. Second impression February, 1947." aMap on lining-papers. a0b0c0d940_544000000000000_HAR 0aMCE 0aWorld War, 1939-1945xAerial operations, British.